| 000 | 00373nam a2200157Ia 4500 | ||
|---|---|---|---|
| 008 | 230917s9999||||xx |||||||||||||| ||und|| | ||
| 040 |
_e101693 _aMAIN |
||
| 041 | _aEnglish | ||
| 082 | _a152 C197P | ||
| 100 | _aCarlson, Neil R | ||
| 245 | 0 | _aPhysiology of behavior | |
| 250 | _a7th ed. | ||
| 260 |
_aBoston _bAllyn and Bacon _c2001 |
||
| 300 | _a699p p. | ||
| 942 | _cBK | ||
| 999 |
_c110564 _d110564 |
||